Statistics for Greek Hero by Picture

Click here to take the quiz!

General Stats

  • This quiz has been taken 11 times
  • The average score is 7 of 16

Answer Stats

Answer% Correct
Achilles
91%
Odysseus
91%
Heracles
82%
Perseus
82%
Daedalus
73%
Theseus
55%
Asclepius
45%
Jason
45%
Bellerophon
36%
Orpheus
36%
Aeneas
27%
Hector
27%
Oedipus
27%
Ganymede
18%
Ajax
9%
Diomedes
0%

Score Distribution

Percentile by Number Answered

Percent of People with Each Score

Your Score History

You have not taken this quiz